| 000 | 00547nam a2200169 i 4500 | ||
|---|---|---|---|
| 001 | 31452 | ||
| 003 | ES-MaACL | ||
| 005 | 20230906154400.0 | ||
| 007 | t| | ||
| 008 | 030129s1963 sp ||||1| spa d | ||
| 100 | 1 |
_aBenesch, Franz. _927528 |
|
| 245 | 1 | 0 |
_aTratado de obstetricia y ginecología veterinaria / _cpor Franz Benesch ; traducción por Lesmes Zabal Cervera. |
| 260 |
_aBarcelona, etc. : _bLabor, _c1963. |
||
| 300 |
_aXVI, 853 p. : _bil. ; _c25 cm. |
||
| 700 | 1 |
_aZabal Cervera, Lesmes. _9117773 |
|
| 852 |
_aES-MaACL _jC-23596 _bR.52467 |
||
| 999 |
_c31452 _d31452 |
||